Design for discipleship. (Record no. 13020)

000 -LEADER
fixed length control field 00704nam a2200205 a 4500
001 - CONTROL NUMBER
control field :::00010838$&:&@@
003 - CONTROL NUMBER IDENTIFIER
control field OkBaRHE
005 - DATE AND TIME OF LATEST TRANSACTION
control field 20000607103403.0
008 - FIXED-LENGTH DATA ELEMENTS--GENERAL INFORMATION
fixed length control field s1973 j 000 0 eng u
040 ## - CATALOGING SOURCE
Transcribing agency
100 1# - MAIN ENTRY--PERSONAL NAME
Personal name Pentecost, J. Dwight.
245 10 - TITLE STATEMENT
Title Design for discipleship.
260 ## - PUBLICATION, DISTRIBUTION, ETC. (IMPRINT)
Place of publication, distribution, etc Grand Rapids, MI., :
Name of publisher, distributor, etc Zondervan Publishing House
Date of publication, distribution, etc 1973
300 ## - PHYSICAL DESCRIPTION
Extent 130 p. ;
Dimensions 23 cm.
650 ## - SUBJECT ADDED ENTRY--TOPICAL TERM
Topical term or geographic name as entry element Christian Life
General subdivision 1960-
650 ## - SUBJECT ADDED ENTRY--TOPICAL TERM
Topical term or geographic name as entry element Sermons, American
942 ## - ADDED ENTRY ELEMENTS (KOHA)
Source of classification or shelving scheme
Koha item type Books
Copies
Shelving location Copy number Withdrawn status Date acquired Damaged status Full call number Not for loan Permanent Location Lost status Barcode Koha item type Date last seen Source of classification or shelving scheme Price effective from
General Stacks1 2010-04-14 BV 4501.2 .P385 RHEMA Bible Training College 10838Books2010-04-14 2010-04-14
General Stacks2 2010-04-14 BV 4501.2 .P385 RHEMA Bible Training College 15083Books2010-04-14 2010-04-14